Dalit question: reforms and social justice (Record no. 493671)

000 -LEADER
fixed length control field 00620cam a22001697a 4500
008 - FIXED-LENGTH DATA ELEMENTS--GENERAL INFORMATION
fixed length control field 180718b2004 xxu||||| |||| 00| 0 eng d
020 ## - INTERNATIONAL STANDARD BOOK NUMBER
International Standard Book Number 8190205803
082 ## - DEWEY DECIMAL CLASSIFICATION NUMBER
Classification number BA27X54 D354
245 ## - TITLE STATEMENT
Title Dalit question: reforms and social justice
Statement of responsibility, etc. edited by Bibek Debroy and D. Shyam Babu
260 ## - PUBLICATION, DISTRIBUTION, ETC.
Place of publication, distribution, etc. New Delhi
Name of publisher, distributor, etc. Globus Books
Date of publication, distribution, etc. 2004
300 ## - PHYSICAL DESCRIPTION
Extent 366p.
650 ## - SUBJECT ADDED ENTRY--TOPICAL TERM
Topical term or geographic name entry element Dalits --India --Economic conditions --20th century --Congresses.
650 ## - SUBJECT ADDED ENTRY--TOPICAL TERM
Topical term or geographic name entry element Dalits --India --Social conditions --20th century --Congresses
650 ## - SUBJECT ADDED ENTRY--TOPICAL TERM
Topical term or geographic name entry element Dalits --Government policy --India --Congresses
700 ## - ADDED ENTRY--PERSONAL NAME
Personal name Babu, D. Shyam
700 ## - ADDED ENTRY--PERSONAL NAME
Personal name Debroy, Bibek
Holdings
Withdrawn status Lost status Damaged status Not for loan Permanent Location Current Location Date acquired Full call number Barcode Date last seen Price effective from Koha item type
        Indian Institute of Public Administration Indian Institute of Public Administration 2018-08-04 BA27X54 D354 GR18105 2018-08-04 2018-08-04 GR

Powered by Koha